Tvorba a posudzovanie podnikateľských nápadov potenciálnych mladých podnikateľov
Podnikateľských sektor ako hlavný ťahúň ekonomiky a tvorca pracovných miest na Slovensku. Mladí podnikatelia v SR. Vhodné právne formy podnikania pre mladých ľudí. Podiel podnikateľov a zamestnancov na celkovom počte ekonomicky aktívnych obyvateľov vybraných krajín sveta. Kvalita podnikateľského pro...
Uložené v:
| Hlavný autor: | |
|---|---|
| Médium: | Kapitola |
| Jazyk: | Slovak |
| Predmet: | |
| Tagy: |
Žiadne tagy, Buďte prvý, kto otaguje tento záznam!
|
MARC
| LEADER | 00000nla a2200000 4500 | ||
|---|---|---|---|
| 001 | 0224319 | ||
| 005 | 20240502073655.8 | ||
| 041 | 0 | |a slo | |
| 044 | |a SK | ||
| 245 | 1 | 0 | |a Tvorba a posudzovanie podnikateľských nápadov potenciálnych mladých podnikateľov |c Miroslav Uhliar |
| 520 | |a Podnikateľských sektor ako hlavný ťahúň ekonomiky a tvorca pracovných miest na Slovensku. Mladí podnikatelia v SR. Vhodné právne formy podnikania pre mladých ľudí. Podiel podnikateľov a zamestnancov na celkovom počte ekonomicky aktívnych obyvateľov vybraných krajín sveta. Kvalita podnikateľského prostredia. Tvorba a záznam podnikateľských nápadov. Aký bude úžitok pre zákazníka. Trhový potenciál, potreba zdrojov, ekonomická efektívnosť, konkurencieschopnosť podnikania. | ||
| 610 | 2 | 0 | |a podnikanie |
| 610 | 2 | 0 | |a podnikatelia |
| 610 | 2 | 0 | |a prostredie podnikateľské |
| 610 | 2 | 0 | |a zákazníci |
| 610 | 2 | 0 | |a efektívnosť |
| 610 | 2 | 0 | |a konkurencieschopnosť |
| 100 | 1 | |a Uhliar, Miroslav, 1981- | |